Ad Emilio Baumann per il 40. anno d'insegnamento

Gespeichert in:
Bibliographische Detailangaben
Weitere Verfasser: Baumann, Emilio.
Format: Buch
Sprache:Italienisch
Erschienen: Parma Tip. L. Battei 1901
Katalog:EDISCO:  Suchergebnis im Bibliothekskatalog
Schulbuchspezifische Eigenschaften:
Tags: Tag hinzufügen
Keine Tags, Fügen Sie den ersten Tag hinzu!
Hinzugefügt zu:30.04.2016
Geändert in:04.10.2017

MARC

LEADER 00000aam a22000007 4500
001 22632
003 OSt
005 20171004090726.0
008 160501s1901 it 000 0 ita
040 |c Paola Zonca - Torino - SBN 
041 1 |a ita 
245 0 0 |a Ad Emilio Baumann per il 40. anno d'insegnamento 
260 |a Parma  |b Tip. L. Battei  |c 1901 
300 |a 10 p. : ri, ;   |c 42 cm. 
901 |a 7 
700 1 |a Baumann, Emilio. 
852 |a SBN 
942 |2 ddc  |c BK 
546 |a ita 
999 |c 22621  |d 22621 
999 |c edisco:22621  |d 22621